000 00801nam a22002771 4500
999 _c5380
_d5380
001 5380
003 BD-JhCC
005 20180103171510.0
008 171213s1952 xx 001 0 eng d
035 _a(BD-JhCC)5380
040 _a(BD-JhCC)
_cFMU
_dBD-JhCC
041 _aeng
050 0 0 _aQA157
_b.F74
082 _a512.9
_bFRE 1957
100 1 _aFreilich, Julius.
245 1 0 _aAlgebra for problem solving /
_c Julius Freilich, Simon L. Berman and Elsie Parker Johnson.
260 _aBoston,
_bHoughton Mifflin
_c[1952-53]
300 _a2 v.
_billus.
_c24 cm.
490 0 _aRiverside mathematics series.
504 _aincludes index
650 0 _aAlgebra
_xProblems, exercises, etc.
700 _aBerman, Simon L.
700 _aJohnson, Elsie Parker
942 _2ddc
_cBK